| 000 | 00587nam a22001937a 4500 | ||
|---|---|---|---|
| 005 | 20240305154346.0 | ||
| 010 | _aHIN-127020 HIN-127021 | ||
| 020 |
_a9788196064266 _c821 |
||
| 035 | _aHN-99366 | ||
| 035 | _aHN-99367 | ||
| 037 | _bDBAD/PUB | ||
| 082 |
_a821 _21 |
||
| 100 |
_aसुधा सिन्हा _962829 |
||
| 245 | _aमुक्तक प्रवाह/ | ||
| 260 |
_aPatna _bNaye Pallav _c2023 |
||
| 270 |
_akurji _bpatna _e800010 |
||
| 300 |
_a48 पृष्ठ; _c22 सेमी (सजिल्द) |
||
| 942 |
_cHN _2ddc _h821 _mमुक्त |
||
| 999 |
_c201236 _d201236 |
||